LEADER 01700nam 2200433 450 001 000005152 005 20050718115200.0 100 $a20011029d1976----km-y0itay0103----ba 101 0 $aita 102 $aIT 200 1 $aIntroduzione agli algoritmi dell'algebra lineare$fGiulio Cesare Barozzi 210 $aBologna$cZanichelli$dc1976 215 $aVIII, 75 p.$d24 cm. 606 $aMatematica$xProgrammazione 606 $aAlgoritmi 606 $aAlgebra lineare 676 $a511.8$v(20. ed.)$9Modelli matematici 700 1$aBarozzi,$bGiulio Cesare$0437632 801 0$aIT$bUniversità della Basilicata - B.I.A.$gRICA$2unimarc 912 $a000005152 996 $aIntroduzione agli algoritmi dell'algebra lineare$974686 997 $aUNIBAS BAS $aMONSCI BAS $aMONOGR BAS $aSCIENZE CAT $aMEDURI$b01$c20000727$lBAS01$h1013 CAT $c20000913$lBAS01$h1426 CAT $c20000920$lBAS01$h1833 CAT $c20001010$lBAS01$h1636 CAT $aOB001$b01$c20011029$lBAS01$h1254 CAT $c20050601$lBAS01$h1753 CAT $abatch$b01$c20050718$lBAS01$h1048 CAT $c20050718$lBAS01$h1107 CAT $c20050718$lBAS01$h1137 CAT $c20050718$lBAS01$h1152 FMT Z30 -1$lBAS01$LBAS01$mBOOK$1BASA2$APolo Tecnico-Scientifico$2DID$BDidattica$3PTS.s1.p10.7$9SCI/73041$673041$5S73041$820000727$f98$FConsultazione Z30 -1$lBAS01$LBAS01$mBOOK$1BASA2$APolo Tecnico-Scientifico$2DID$BDidattica$3PTS.s1.p10.7A$9SCI/4648$64648$5S4648$820000727$f04$FPrestabile Didattica Z30 -1$lBAS01$LBAS01$mBOOK$1BASA2$APolo Tecnico-Scientifico$2DID$BDidattica$3PTS.s1.p10.7B$9SCI/3685$63685$5S3685$820000727$f04$FPrestabile Didattica